000 01728nam0a22003611 4500
001 rc\3046710
005 20260406151907.0
035 _a(NLR Aleph) 007186429
090 _a7494147
_c7494147
100 _a20111010d1935 |||y0rusy50 ca
101 1 _arus
102 _aRU
105 _aa z |||||
200 1 _aОдиссея
_fГомер
_gПер. В.А. Жуковского
_gСтатья ред. и комментарии И.М. Троцкого
_gПри участии И.И. Толстого
210 _aМосква
_aЛенинград
_cAcademia
_d1935
_eЛенинград
_gтип. "Ленингр. правда"
215 _aСуп.-обл., переплет, 535, [4] с., 3 вкл. л. ил.
_cил.
_d20х13 см
225 1 _aАнтичная литература
_fПод общ. ред. Д.А. Горбова, В.О. Нилендера и П.Ф. Преображенского ...
300 _aСуп.-обл., переплет и ил.: Л.Р. Мюльгаупт
700 0 _aГомер
702 1 _4730
_8rus
_7ca
_aЖуковский
_bВ. А.
_f1783-1852
_cпоэт
_gВасилий Андреевич
_3RU\NLR\AUTH\775529
_9115493
702 1 _aТроцкий
_bИ.М.
_gИсаак Моисеевич
_4340
702 1 _4570
_8rus
_7ca
_aТолстой
_bИ. И.
_cфилолог
_f1880-1954
_gИван Иванович
_3RU\NLR\AUTH\7775855
_958783
702 1 _aМюльгаупт
_bЛ.Р.
_4570
702 1 _aГорбов
_bД.А.
_4340
702 1 _aНилендер
_bВ.О.
_4340
702 1 _aПреображенский
_bП.Ф.
_4340
801 0 _aRU
_bNLR
_gpsbo
801 1 _aRU
_bELAR
_2rusmarc
852 _aNLR
_bЛ
_j70 В-3/5
852 _aNLR
_j35-3/1076
942 _cBOOK
980 _aNB